000
00363nam a2200145Ia 4500
008
231129s1996||||xx |||||||||||||| ||spa||
020
_a
950-08-1570-2
040
_b
spa
082
_a
337.09 F961c
100
_a
Fukuyama Francis
245
0
_a
Confianza (trust)
260
_c
1996
264
_a
Atlántida
942
_2
ddc
_c
BKS
999
_c
7902
_d
7902